| 000 | 03472nam0a2200457 4500 | ||
|---|---|---|---|
| 001 | RU\NLR\BIBL_A\012704778 | ||
| 005 | 20250624123447.0 | ||
| 010 |
_a978-5-907331-65-5 _9150 |
||
| 021 |
_aRU _b2021-72208 _9КН-П-5724 |
||
| 035 | _a(RuMoRGB)010843291 | ||
| 035 | _a(NLR Aleph) 012704778 | ||
| 090 |
_a12890473 _c12890473 |
||
| 100 | _a20220210d2021 |||y0rusy50 ca | ||
| 101 | 0 | _arus | |
| 102 | _aRU | ||
| 105 | _aa|||j|||000zy | ||
| 181 | 0 |
_ai3 _baxxe |
|
| 182 | 0 | _an | |
| 200 | 1 |
_aТехнология бетона, строительных изделий и конструкций _eучебно-методическое пособие _eдля студентов направления 08.03.01 - Строительствоо, направленность "Производство и применение строительных материалов, изделий и конструкций" _fС. А. Лхасаранов, Е. В. Доржиева _gМинобрнауки России, Федеральное государственное бюджетное образовательное учреждение высшего образования "Восточно-Сибирский государственный университет технологий и управления" (ВСГУТУ) |
|
| 203 |
_aТекст _bвизуальный _cнепосредственный |
||
| 210 |
_aУлан-Удэ _cИзд-во ВСГУТУ _d2021 |
||
| 215 |
_a92, [1] с. _cил., табл., цв. ил. _d21 |
||
| 320 | _aБиблиогр.: с. 88-92 (50 назв.) | ||
| 606 |
_aБетон _xПроизводство _2RuMoRKP |
||
| 606 |
_aСтроительные изделия _xПроизводство _2RuMoRKP |
||
| 606 |
_aСтроительные конструкции _xПроизводство _2RuMoRKP |
||
| 606 |
_aСтроительство _xСтроительные материалы и изделия _xБетоны _xУчебно-методическое пособие для высшей школы _2rubbk |
||
| 606 |
_aСтроительство _xТехнология строительного производства _xБетонные и железобетонные работы _xПроизводство монолитных бетонных и железобетонных конструкций _xУчебно-методическое пособие для высшей школы _2rubbk |
||
| 606 | 1 |
_aБетон _jУчебно-методические пособия для высших учебных заведений _xПроизводство _91139225 _3RU\NLR\AUTH\66134692 |
|
| 606 | 1 |
_aБетонные конструкции _jУчебно-методические пособия для высших учебных заведений _91008676 _3RU\NLR\AUTH\6665929 |
|
| 606 | 1 |
_aБетон _jУчебно-методические пособия для высших учебных заведений _xПрименение в транспортном строительстве _92323366 _3RU\NLR\AUTH\661389855 |
|
| 675 |
_a691.32(075.8) _v4 |
||
| 686 | 1 | _aН626.102я73-1 | |
| 686 | 1 | _aН53я73-1 | |
| 686 | 1 | _aН74-033.1я73-1 | |
| 700 | 1 |
_aЛхасаранов _bС. А. _gСолбон Александрович |
|
| 701 | 1 |
_aДоржиева _bЕ. В. _gЕлизавета Валерьевна |
|
| 942 | _cBOOK | ||
| 980 | _aNB | ||